La Filosofía política clásica: de la antigüedad al renacimiento /
Gardado en:
| Autor Principal: | |
|---|---|
| Autor Corporativo: | |
| Outros autores: | |
| Formato: | Texto |
| Publicado: |
Buenos Aires:
EUDEBA
|
| Materias: | |
| Etiquetas: |
Engadir etiqueta
Sen Etiquetas, Sexa o primeiro en etiquetar este rexistro!
|
MARC
| LEADER | 00000 a a2200000 04500 | ||
|---|---|---|---|
| 001 | 27950 | ||
| 003 | |||
| 040 | |||
| 020 | |a 950-9231-42-8 | ||
| 090 | |a 187300 | ||
| 100 | |a Boron, Atilio A. | ||
| 110 | |a CLACSO | ||
| 245 | |a La Filosofía política clásica: de la antigüedad al renacimiento / |c Atilio A. Boron | ||
| 260 | |a Buenos Aires: |b EUDEBA | ||
| 300 | |a 285 p | ||
| 500 | |a Disponble en Cd, en No. 194116 | ||
| 650 | |a TEORIA POLITICA | ||
| 650 | |a FILOSOFIA | ||
| 650 | |a HISTORIA POLITICA | ||
| 650 | |a IDEOLOGIAS POLITICAS | ||
| 650 | |a ETICA | ||
| 650 | |a ESTADO | ||
| 650 | |a DEMOCRACIA | ||
| 650 | |a LEGISLACION | ||
| 650 | |a IGLESIA CATOLICA | ||
| 650 | |a FEUDALISMO | ||
| 650 | |a CAPITALISMO | ||
| 700 | |a comp |a R. Poratti, Armando |a Dri, Rubén |a Rossi, Miguel Angel |a D Amico, Claudia |a Várnagy, Tomás |a Morton, A. L. |a Grüner, Eduardo |a Amadeo, Javier |a Rojas, Gonzalo |a González, Sabrina |a Demirdjan, Liliana | ||
| 999 | |c 15772 |d 15772 | ||



